000 00976nam a2200289 a 4500
001 000039164
003 DO-SdBNP
005 20220921110931.0
007 ta
008 121024s2013 pr 000 0 spa d
020 _a9789945006759
040 _aDO-SdBNP
_bspa
_cBNPHU
082 4 _a332.024
_bS715a, 2013
_222
100 1 _aSosa, Diego A.,
_d1966-
_911822
245 1 3 _aArco iris financiero :
_baumente su FQ (Coeficiente de Inteligencia Financiera) /
_cDiego A. Sosa.
246 1 4 _aArco iris financiero :
_b7 colores para llegar a tu tesoro
250 _a3a. ed.
260 _aSanto Domingo :
_bBúho,
_c2013.
300 _a176 p. ;
_c23 cm.
500 _aIncluye datos biográficos del autor en la solapa de la cubierta.
590 _aInventariado, 2018/MFF
650 4 _aFinanzas personales
_98282
650 4 _aPlanificación del patrimonio
_940656
650 4 _aPresupuesto personal
_940657
910 _aValidado. Control de calidad EMS.
942 _2ddc
_cLBS1
999 _c38654
_d38654